000 00559nam a2200169 a 4500
001 000016415
005 20200929164421.0
008 100305s199u dr r 000 0 spa d
040 _aDO-SdBNP
_bspa
_cBNPHU
082 _axxxx
_bR696m
100 1 _aRodríguez. Héctor Manuel
_936592
245 1 0 _aManual del estudiante dominicano /
_cHéctor Manuel Rodríguez.
260 _aSanto Domingo :
_bSusaeta,
_c[199?].
300 _a91 p. ;
_c21 cm.
504 _aIncluye referencias bibliográficas y notas al pie de las páginas
590 _aInventariado, 2019 / DG
999 _c15950
_d15950